<?xml version="1.0" encoding="UTF-8"?>
<record
    xmlns:xsi="http://www.w3.org/2001/XMLSchema-instance"
    xsi:schemaLocation="http://www.loc.gov/MARC21/slim http://www.loc.gov/standards/marcxml/schema/MARC21slim.xsd"
    xmlns="http://www.loc.gov/MARC21/slim">

  <leader>01452nam a22003137a 4500</leader>
  <controlfield tag="001">BRCA_9229</controlfield>
  <controlfield tag="003">FranzMayer</controlfield>
  <controlfield tag="005">20220921134454.0</controlfield>
  <controlfield tag="008">220912b        |||||||| |||| 00| 0 eng d</controlfield>
  <datafield tag="020" ind1=" " ind2=" ">
    <subfield code="a">9788493974152</subfield>
  </datafield>
  <datafield tag="040" ind1=" " ind2=" ">
    <subfield code="b">spa</subfield>
    <subfield code="c">MFM</subfield>
  </datafield>
  <datafield tag="041" ind1="1" ind2=" ">
    <subfield code="a">spa</subfield>
  </datafield>
  <datafield tag="050" ind1=" " ind2=" ">
    <subfield code="a">GR340.</subfield>
    <subfield code="b">L49 2013</subfield>
  </datafield>
  <datafield tag="245" ind1=" " ind2=" ">
    <subfield code="a">Leyendas y narraciones japonesas : </subfield>
    <subfield code="b">Versi&#xF3;n de Gonzalo Jim&#xE9;nez de la Espada</subfield>
  </datafield>
  <datafield tag="260" ind1=" " ind2=" ">
    <subfield code="a">Espa&#xF1;a : </subfield>
    <subfield code="b">Langre,</subfield>
    <subfield code="c">2013</subfield>
  </datafield>
  <datafield tag="300" ind1=" " ind2=" ">
    <subfield code="a">256 p. : </subfield>
    <subfield code="b">il. ; </subfield>
    <subfield code="c">14 x 21 cm.</subfield>
  </datafield>
  <datafield tag="490" ind1=" " ind2=" ">
    <subfield code="a">ocho islas</subfield>
  </datafield>
  <datafield tag="500" ind1=" " ind2=" ">
    <subfield code="a">Ubicaci&#xF3;n: L60-N1</subfield>
  </datafield>
  <datafield tag="500" ind1=" " ind2=" ">
    <subfield code="a">Edici&#xF3;n facs&#xED;mil del texto publicado en 1914 / ilustraciones a color</subfield>
  </datafield>
  <datafield tag="520" ind1=" " ind2=" ">
    <subfield code="a">Traducidas por Gonzalo Jim&#xE9;nez de la Espada, profesor de espa&#xF1;ol en Tokio entre 1907 y 1917, y publicadas en Jap&#xF3;n por Takejiro Hasegawa en 1914, con hermosas ilustraciones de dos de los &#xFA;ltimos maestros del ukiyo-&#xE9;, las Leyendasy Narraciones Japonesas nos llevan al mundo m&#xE1;gico y eterno de samurais, demonios y animales del bosque. - Proporcionado por la editorial.</subfield>
  </datafield>
  <datafield tag="650" ind1=" " ind2=" ">
    <subfield code="a">Literatura</subfield>
    <subfield code="z">Jap&#xF3;n</subfield>
    <subfield code="9">28541</subfield>
  </datafield>
  <datafield tag="650" ind1=" " ind2=" ">
    <subfield code="a">Leyendas</subfield>
    <subfield code="x">Fantas&#xED;a</subfield>
    <subfield code="z">Jap&#xF3;n</subfield>
    <subfield code="9">28549</subfield>
  </datafield>
  <datafield tag="700" ind1=" " ind2=" ">
    <subfield code="a">Jim&#xE9;nez de la Espada, Gonzalo&#x200F; &#x200E; </subfield>
    <subfield code="d">1874-1938</subfield>
    <subfield code="e">trad.</subfield>
    <subfield code="9">28550</subfield>
  </datafield>
  <datafield tag="700" ind1=" " ind2=" ">
    <subfield code="a">Paz&#xF3; Espinosa, Jos&#xE9;</subfield>
    <subfield code="e">ed.</subfield>
    <subfield code="e">textos</subfield>
    <subfield code="9">28551</subfield>
  </datafield>
  <datafield tag="700" ind1=" " ind2=" ">
    <subfield code="a">Baquero Cruz, Julio,&#x200F; </subfield>
    <subfield code="d">1972-</subfield>
    <subfield code="e">ed.</subfield>
    <subfield code="e">textos</subfield>
    <subfield code="9">28552</subfield>
  </datafield>
  <datafield tag="700" ind1=" " ind2=" ">
    <subfield code="a">Almaz&#xE1;n, David</subfield>
    <subfield code="e">ed.</subfield>
    <subfield code="e">textos</subfield>
    <subfield code="9">28553</subfield>
  </datafield>
  <datafield tag="942" ind1=" " ind2=" ">
    <subfield code="2">lcc</subfield>
    <subfield code="c">B</subfield>
  </datafield>
  <datafield tag="999" ind1=" " ind2=" ">
    <subfield code="c">10848</subfield>
    <subfield code="d">10848</subfield>
  </datafield>
  <datafield tag="952" ind1=" " ind2=" ">
    <subfield code="0">0</subfield>
    <subfield code="1">0</subfield>
    <subfield code="2">lcc</subfield>
    <subfield code="4">0</subfield>
    <subfield code="7">0</subfield>
    <subfield code="a">BRCA</subfield>
    <subfield code="b">BRCA</subfield>
    <subfield code="d">2022-09-13</subfield>
    <subfield code="l">0</subfield>
    <subfield code="o">GR340. L49 2013</subfield>
    <subfield code="p">CONT10017</subfield>
    <subfield code="r">2022-09-13 00:00:00</subfield>
    <subfield code="w">2022-09-13</subfield>
    <subfield code="y">B</subfield>
  </datafield>
</record>
